Normal view
MARC view
- الفسفوس، احمد موسى
Entry Personal Name
001 - CONTROL NUMBER
- control field: 40678
003 - CONTROL NUMBER IDENTIFIER
- control field: JO-AjAnu
005 - DATE AND TIME OF LATEST TRANSACTION
- control field: 20230606080745.0
008 - FIXED-LENGTH DATA ELEMENTS
- fixed length control field: 230606|| aca||aabn | a|a d
040 ## - CATALOGING SOURCE
- Original cataloging agency: JO-AjAnu
- Transcribing agency: JO-AjAnu
100 ## - HEADING--PERSONAL NAME
- Personal name: الفسفوس، احمد موسى
670 ## - SOURCE DATA FOUND
- Source citation: Work cat.: (JO-AjAnu)20851: الفسفوس، احمد موسى, author, مختارات تراثية